[Event "Aleksandria Cup"]
[Site "?"]
[Date "2015.07.15"]
[Round "4.8"]
[White "Kuzubov, Yuriy"]
[Black "Kekelidze, Mikheil"]
[Result "1/2-1/2"]
[LiveChessVersion "1.3.1"]
[BlackElo "2426"]
[WhiteElo "2653"]

1. e4 {[%clk 1:30:57]} c5 {[%clk 1:30:30]} 2. Nf3 {[%clk 1:31:21]} e6
{[%clk 1:30:41]} 3. g3 {[%clk 1:31:41]} Nc6 {[%clk 1:28:59]} 4. Bg2
{[%clk 1:32:04]} Nf6 {[%clk 1:26:09]} 5. d3 {[%clk 1:32:27]} Be7 {[%clk 1:26:12]}
6. O-O {[%clk 1:32:50]} O-O {[%clk 1:26:25]} 7. Nbd2 {[%clk 1:30:25]} d5
{[%clk 1:21:51]} 8. Re1 {[%clk 1:29:29]} b5 {[%clk 1:21:30]} 9. exd5
{[%clk 1:28:37]} exd5 {[%clk 1:06:00]} 10. d4 {[%clk 1:29:01]} Qb6
{[%clk 0:54:15]} 11. a4 {[%clk 1:19:23]} bxa4 {[%clk 0:51:42]} 12. Rxa4
{[%clk 1:18:22]} Bf5 {[%clk 0:27:33]} 13. c3 {[%clk 1:05:44]} cxd4
{[%clk 0:26:23]} 14. Nxd4 {[%clk 1:05:05]} Nxd4 {[%clk 0:26:45]} 15. Rxd4
{[%clk 1:05:23]} Bc5 {[%clk 0:26:58]} 16. Rf4 {[%clk 1:05:37]} Bg4
{[%clk 0:26:26]} 17. Qc2 {[%clk 0:48:39]} Rfe8 {[%clk 0:03:43]} 18. Rf1
{[%clk 0:48:31]} Be2 {[%clk 0:04:01]} 19. b4 {[%clk 0:48:42]} Bf8
{[%clk 0:02:57]} 20. Re1 {[%clk 0:47:50]} Bd3 {[%clk 0:02:57]} 21. Rxe8
{[%clk 0:41:25]} Bxc2 {[%clk 0:03:22]} 22. Rxa8 {[%clk 0:41:50]} Qb7
{[%clk 0:03:06]} 23. Rd8 {[%clk 0:40:48]} Qe7 {[%clk 0:02:52]} 24. Rxf8+
{[%clk 0:40:44]} Kxf8 {[%clk 0:02:58]} 25. Nf1 {[%clk 0:39:56]} Qe1
{[%clk 0:01:43]} 26. Bd2 {[%clk 0:39:53]} Qb1 {[%clk 0:01:09]} 27. f3
{[%clk 0:36:16]} Bd3 {[%clk 0:01:29]} 28. Rd4 {[%clk 0:36:00]} Bc4
{[%clk 0:01:07]} 29. Kf2 {[%clk 0:35:10]} Nd7 {[%clk 0:00:55]} 30. Ne3
{[%clk 0:33:25]} Ne5 {[%clk 0:00:49]} 31. Nxc4 {[%clk 0:28:56]} Nxc4
{[%clk 0:00:51]} 32. Bf1 {[%clk 0:27:43]} Nxd2 {[%clk 0:00:52]} 33. Rxd2
{[%clk 0:28:08]} Qc1 {[%clk 0:00:57]} 34. Rxd5 {[%clk 0:28:11]} Qxc3
{[%clk 0:01:19]} 35. b5 {[%clk 0:28:32]} g6 {[%clk 0:00:53]} 36. Be2
{[%clk 0:28:06]} Qc1 {[%clk 0:00:55]} 37. Rd1 {[%clk 0:25:25]} Qc5+
{[%clk 0:01:19]} 38. Kf1 {[%clk 0:25:42]} h5 {[%clk 0:01:29]} 39. Kg2
{[%clk 0:24:51]} Qc2 {[%clk 0:01:19]} 40. Kf2 {[%clk 0:55:12]} Qc5+
{[%clk 0:31:41]} 41. Kg2 {[%clk 0:55:36]} h4 {[%clk 0:31:34]} 42. gxh4
{[%clk 0:55:25]} Qe7 {[%clk 0:25:17]} 43. Bf1 {[%clk 0:53:58]} Qxh4
{[%clk 0:25:25]} 44. Rd5 {[%clk 0:53:44]} Qf4 {[%clk 0:23:09]} 45. Rd8+
{[%clk 0:54:01]} Kg7 {[%clk 0:23:25]} 46. Re8 {[%clk 0:54:16]} Qg5+
{[%clk 0:22:57]} 47. Kh1 {[%clk 0:54:15]} Qd2 {[%clk 0:22:28]} 48. Kg1
{[%clk 0:54:27]} f5 {[%clk 0:22:14]} 49. Rc8 {[%clk 0:54:33]} Kf6
{[%clk 0:21:13]} 50. Rc6+ {[%clk 0:54:12]} Kg5 {[%clk 0:21:29]} 51. Rc4
{[%clk 0:54:26]} Kh5 {[%clk 0:20:11]} 52. Rc8 {[%clk 0:43:32]} g5
{[%clk 0:19:50]} 53. Rf8 {[%clk 0:42:36]} Qc2 {[%clk 0:16:27]} 54. Rh8+
{[%clk 0:42:26]} Kg6 {[%clk 0:16:50]} 55. Rd8 {[%clk 0:40:42]} Kf6
{[%clk 0:16:09]} 56. Re8 {[%clk 0:38:24]} Qd2 {[%clk 0:12:33]} 57. Re2
{[%clk 0:33:48]} Qd5 {[%clk 0:12:21]} 58. Kf2 {[%clk 0:34:04]} Kg6
{[%clk 0:11:08]} 59. Kg3 {[%clk 0:32:54]} Kh5 {[%clk 0:05:06]} 60. Rf2
{[%clk 0:28:51]} Qd6+ {[%clk 0:03:41]} 61. Kg2 {[%clk 0:29:09]} Kh4
{[%clk 0:03:50]} 62. Rc2 {[%clk 0:28:49]} Qd1 {[%clk 0:02:36]} 63. Rc4+
{[%clk 0:28:28]} Kh5 {[%clk 0:02:03]} 64. Kf2 {[%clk 0:28:39]} Qd2+
{[%clk 0:01:33]} 65. Be2 {[%clk 0:29:00]} Qd6 {[%clk 0:00:43]} 66. Kg2
{[%clk 0:28:44]} Qe5 {[%clk 0:00:55]} 67. Re4 {[%clk 0:28:13]} Qb2
{[%clk 0:01:02]} 68. Re6 {[%clk 0:28:14]} Qa2 {[%clk 0:00:58]} 69. Re8
{[%clk 0:26:24]} Kg6 {[%clk 0:01:04]} 70. Kf2 {[%clk 0:25:39]} Kf6
{[%clk 0:01:17]} 71. Rc8 {[%clk 0:25:26]} Qd5 {[%clk 0:01:11]} 72. Rc2
{[%clk 0:24:57]} Ke5 {[%clk 0:01:23]} 73. Rc4 {[%clk 0:24:44]} Qd6
{[%clk 0:01:12]} 74. h4 {[%clk 0:23:49]} Qb6+ {[%clk 0:01:27]} 75. Kf1
{[%clk 0:24:02]} gxh4 {[%clk 0:01:43]} 76. Rxh4 {[%clk 0:24:20]} f4
{[%clk 0:02:03]} 77. Rh8 {[%clk 0:24:08]} Kd4 {[%clk 0:00:59]} 78. Re8
{[%clk 0:24:20]} Kc3 {[%clk 0:00:56]} 79. Re4 {[%clk 0:24:44]} Qf6
{[%clk 0:00:46]} 80. Ra4 {[%clk 0:22:53]} Qf7 {[%clk 0:00:38]} 81. Ra3+
{[%clk 0:23:02]} Kc2 {[%clk 0:00:44]} 82. Rd3 {[%clk 0:22:56]} Qh7
{[%clk 0:00:37]} 83. Rd6 {[%clk 0:22:48]} Kc3 {[%clk 0:00:41]} 84. Rd1
{[%clk 0:22:28]} Qf5 {[%clk 0:00:46]} 85. Kf2 {[%clk 0:22:21]} Qc5+
{[%clk 0:00:38]} 86. Kf1 {[%clk 0:22:43]} Kc2 {[%clk 0:00:50]} 87. Rd7
{[%clk 0:22:43]} Qf5 {[%clk 0:00:54]} 88. Rd6 {[%clk 0:22:50]} Qh3+
{[%clk 0:00:52]} 89. Kf2 {[%clk 0:23:15]} Qg3+ {[%clk 0:00:47]} 90. Kf1
{[%clk 0:23:40]} Qg5 {[%clk 0:00:56]} 91. Rc6+ {[%clk 0:23:51]} Kd2
{[%clk 0:01:07]} 92. Rd6+ {[%clk 0:24:19]} Kc3 {[%clk 0:01:33]} 93. Rc6+
{[%clk 0:24:09]} Kd4 {[%clk 0:01:55]} 94. Rc4+ {[%clk 0:24:16]} Kd5
{[%clk 0:02:14]} 95. Re4 {[%clk 0:24:22]} Qh6 {[%clk 0:02:21]} 96. Bc4+
{[%clk 0:24:33]} Kc5 {[%clk 0:02:45]} 97. Be2 {[%clk 0:24:59]} Qh1+
{[%clk 0:03:05]} 98. Kf2 {[%clk 0:25:24]} Qc1 {[%clk 0:03:24]} 99. Bf1
{[%clk 0:25:39]} Kd6 {[%clk 0:03:32]} 100. Be2 {[%clk 0:26:05]} Qd2
{[%clk 0:03:23]} 101. Kf1 {[%clk 0:26:29]} Ke5 1/2-1/2

[Event "Aleksandria Cup"]
[Site "?"]
[Date "2015.07.15"]
[Round "4.9"]
[White "Beradze, Irakli"]
[Black "Bernadskiy, Vitaliy"]
[Result "1-0"]
[LiveChessVersion "1.3.1"]
[BlackElo "2548"]
[WhiteElo "2375"]

1. d4 f5 {[%clk 1:29:38]} 2. Nc3 {[%clk 1:29:45]} d5 {[%clk 1:29:37]} 3. Bg5
{[%clk 1:29:59]} Nf6 {[%clk 1:17:16]} 4. Bxf6 {[%clk 1:29:02]} exf6
{[%clk 1:17:42]} 5. e3 {[%clk 1:29:23]} c6 {[%clk 1:17:55]} 6. Bd3
{[%clk 1:29:33]} Qb6 {[%clk 1:15:54]} 7. Rb1 {[%clk 1:21:37]} Na6
{[%clk 1:14:16]} 8. a3 {[%clk 1:16:47]} Bd6 {[%clk 1:05:57]} 9. Qf3
{[%clk 1:08:14]} f4 {[%clk 0:50:54]} 10. Qh5+ {[%clk 0:54:47]} Kf8
{[%clk 0:51:12]} 11. Nge2 {[%clk 0:47:28]} fxe3 {[%clk 0:48:56]} 12. fxe3
{[%clk 0:47:12]} Be6 {[%clk 0:46:34]} 13. b4 {[%clk 0:41:49]} Bf7
{[%clk 0:40:41]} 14. Qh3 {[%clk 0:40:56]} Qd8 {[%clk 0:38:29]} 15. O-O
{[%clk 0:35:46]} Nc7 {[%clk 0:38:37]} 16. e4 {[%clk 0:35:10]} Ne6
{[%clk 0:31:50]} 17. e5 {[%clk 0:28:58]} Be7 {[%clk 0:31:58]} 18. Rf2
{[%clk 0:24:15]} Kg8 {[%clk 0:29:15]} 19. Rbf1 {[%clk 0:20:07]} a5
{[%clk 0:27:49]} 20. Qg3 {[%clk 0:14:22]} Kf8 {[%clk 0:26:11]} 21. Bf5
{[%clk 0:12:12]} axb4 {[%clk 0:25:41]} 22. Bxe6 {[%clk 0:11:01]} Bxe6
{[%clk 0:25:29]} 23. axb4 {[%clk 0:10:42]} Ra3 {[%clk 0:21:02]} 24. Qg5
{[%clk 0:07:17]} Bf7 {[%clk 0:17:13]} 25. Qc1 {[%clk 0:07:09]} Ra7
{[%clk 0:14:08]} 26. Nd1 {[%clk 0:07:09]} Kg8 {[%clk 0:12:10]} 27. Ne3
{[%clk 0:05:15]} Bg6 {[%clk 0:10:56]} 28. c4 {[%clk 0:01:57]} dxc4
{[%clk 0:05:27]} 29. Qxc4+ {[%clk 0:01:33]} Bf7 {[%clk 0:05:53]} 30. Qc2
{[%clk 0:01:50]} Ra2 {[%clk 0:05:57]} 31. Qd3 {[%clk 0:01:11]} Bxb4
{[%clk 0:05:45]} 32. Nf5 {[%clk 0:01:20]} h6 {[%clk 0:02:14]} 33. Nxg7
{[%clk 0:01:01]} Ra3 {[%clk 0:01:50]} 34. Qe4 {[%clk 0:01:12]} Kxg7
{[%clk 0:00:42]} 35. Rxf6 {[%clk 0:01:35]} Bh5 {[%clk 0:00:32]} 36. Nf4
{[%clk 0:01:14]} Qe8 {[%clk 0:01:00]} 37. Qf5 {[%clk 0:01:19]} Bf7
{[%clk 0:00:33]} 38. e6 {[%clk 0:00:36]} Rf8 {[%clk 0:00:50]} 39. exf7
{[%clk 0:00:59]} Qe3+ {[%clk 0:01:18]} 40. Kh1 {[%clk 0:31:26]} 1-0

[Event "Aleksandria Cup"]
[Site "?"]
[Date "2015.07.15"]
[Round "4.10"]
[White "Mgeladze, Tamaz"]
[Black "Rasulov, Vugar"]
[Result "1/2-1/2"]
[LiveChessVersion "1.3.1"]
[BlackElo "2504"]
[WhiteElo "2337"]

1. c4 {[%clk 1:30:56]} b6 {[%clk 1:23:16]} 2. Nf3 {[%clk 1:30:31]} Bb7
{[%clk 1:23:32]} 3. g3 {[%clk 1:30:57]} g6 {[%clk 1:22:39]} 4. Bg2
{[%clk 1:31:21]} Bg7 {[%clk 1:22:58]} 5. O-O {[%clk 1:31:38]} c5 {[%clk 1:22:22]}
6. Nc3 {[%clk 1:31:39]} Nf6 {[%clk 1:22:43]} 7. b3 {[%clk 1:29:27]} O-O
{[%clk 1:15:14]} 8. Bb2 {[%clk 1:29:50]} d6 {[%clk 1:12:08]} 9. e3
{[%clk 1:24:14]} Nbd7 {[%clk 1:09:02]} 10. d4 {[%clk 1:20:19]} a6
{[%clk 1:09:12]} 11. a4 {[%clk 1:16:15]} Ne4 {[%clk 1:07:13]} 12. Qc2
{[%clk 1:14:46]} Nxc3 {[%clk 1:05:22]} 13. Bxc3 {[%clk 1:11:26]} Qc7
{[%clk 1:04:19]} 14. d5 {[%clk 1:08:30]} Bxc3 {[%clk 1:04:13]} 15. Qxc3
{[%clk 1:08:57]} b5 {[%clk 1:04:21]} 16. Nd2 {[%clk 0:52:42]} bxc4
{[%clk 0:59:50]} 17. bxc4 {[%clk 0:52:46]} Rfb8 {[%clk 0:57:55]} 18. f4
{[%clk 0:46:42]} a5 {[%clk 0:50:29]} 19. e4 {[%clk 0:42:18]} Ba6 {[%clk 0:45:10]}
20. Bh3 {[%clk 0:36:52]} Rb4 {[%clk 0:39:00]} 21. Bxd7 {[%clk 0:35:17]} Qxd7
{[%clk 0:39:20]} 22. e5 {[%clk 0:35:45]} Rab8 {[%clk 0:35:55]} 23. Rae1
{[%clk 0:31:09]} Qf5 {[%clk 0:27:56]} 24. exd6 {[%clk 0:27:23]} exd6
{[%clk 0:28:08]} 25. Re4 {[%clk 0:27:53]} Qc8 {[%clk 0:18:59]} 26. Rfe1
{[%clk 0:26:50]} Qf8 {[%clk 0:19:19]} 27. Re7 {[%clk 0:25:59]} f5
{[%clk 0:15:29]} 28. R1e6 {[%clk 0:24:34]} R4b7 {[%clk 0:13:46]} 29. Rxb7
{[%clk 0:22:40]} Bxb7 {[%clk 0:14:04]} 30. Qxa5 {[%clk 0:20:04]} Bc8
{[%clk 0:12:38]} 31. Re2 {[%clk 0:19:27]} Bd7 {[%clk 0:12:57]} 32. Qc7
{[%clk 0:14:05]} Bxa4 {[%clk 0:11:20]} 33. Re6 {[%clk 0:12:24]} Rd8
{[%clk 0:05:34]} 34. Re7 {[%clk 0:10:49]} Re8 {[%clk 0:05:46]} 35. Re6
{[%clk 0:07:50]} Qg7 {[%clk 0:04:23]} 36. Qxg7+ {[%clk 0:07:18]} Kxg7
{[%clk 0:04:51]} 37. Rxd6 {[%clk 0:07:37]} Bd1 {[%clk 0:05:16]} 38. Rd7+
{[%clk 0:05:16]} Kf6 {[%clk 0:05:01]} 39. Kf1 {[%clk 0:05:22]} Be2+
{[%clk 0:02:01]} 40. Kf2 {[%clk 0:35:38]} Bd1 {[%clk 0:32:29]} 41. Nf3
{[%clk 0:27:21]} Bxf3 {[%clk 0:32:20]} 42. Kxf3 {[%clk 0:24:48]} Re4
{[%clk 0:32:49]} 43. Rxh7 {[%clk 0:18:12]} Rxc4 {[%clk 0:33:14]} 44. Rc7
{[%clk 0:18:30]} Rc3+ {[%clk 0:31:55]} 45. Kg2 {[%clk 0:10:08]} Rc2+
{[%clk 0:32:22]} 46. Kh3 {[%clk 0:10:05]} c4 {[%clk 0:31:52]} 47. Rc6+
{[%clk 0:10:01]} Kf7 {[%clk 0:31:25]} 48. d6 {[%clk 0:09:35]} Ke6
{[%clk 0:28:58]} 49. d7+ {[%clk 0:03:20]} Kxd7 {[%clk 0:29:19]} 50. Rxg6
{[%clk 0:03:49]} c3 {[%clk 0:29:42]} 51. Rg7+ {[%clk 0:02:04]} Kd6
{[%clk 0:30:01]} 52. Rg6+ {[%clk 0:02:14]} Kd5 {[%clk 0:27:01]} 53. Rg8
{[%clk 0:02:43]} Re2 {[%clk 0:26:23]} 54. Rd8+ {[%clk 0:02:35]} Ke4
{[%clk 0:26:26]} 55. Re8+ {[%clk 0:02:55]} Kd3 {[%clk 0:26:04]} 56. Rd8+
{[%clk 0:03:22]} Ke3 {[%clk 0:26:15]} 57. Re8+ {[%clk 0:03:40]} Kd3
{[%clk 0:20:29]} 58. Rd8+ {[%clk 0:04:08]} Ke3 {[%clk 0:20:39]} 59. Re8+
{[%clk 0:04:34]} Kf3 {[%clk 0:20:56]} 60. Rc8 {[%clk 0:04:40]} c2
{[%clk 0:21:20]} 61. Rc4 {[%clk 0:02:41]} Ke3 {[%clk 0:20:53]} 62. Kh4
{[%clk 0:02:21]} Kd3 {[%clk 0:21:02]} 63. Rc8 {[%clk 0:02:31]} Rxh2+
{[%clk 0:15:19]} 64. Kg5 {[%clk 0:02:58]} Ke4 {[%clk 0:15:14]} 65. Rc4+
{[%clk 0:02:39]} Kd3 {[%clk 0:15:25]} 66. Rc8 {[%clk 0:03:08]} Rh8
{[%clk 0:15:05]} 67. Rxc2 {[%clk 0:02:43]} Kxc2 {[%clk 0:15:29]} 68. Kxf5
{[%clk 0:03:12]} Kd3 {[%clk 0:15:39]} 69. g4 {[%clk 0:02:50]} Kd4
{[%clk 0:12:59]} 70. g5 {[%clk 0:03:06]} Kd5 {[%clk 0:13:14]} 71. Kf6
{[%clk 0:01:39]} Kd6 {[%clk 0:13:15]} 72. Kf7 {[%clk 0:00:35]} Rh7+
{[%clk 0:13:28]} 73. Kf6 {[%clk 0:00:52]} Rh8 {[%clk 0:09:54]} 74. Kf7
{[%clk 0:01:21]} Rh5 {[%clk 0:09:02]} 75. Kf6 {[%clk 0:01:49]} Kd7
{[%clk 0:08:46]} 76. g6 {[%clk 0:00:56]} Rh4 {[%clk 0:08:59]} 77. g7
{[%clk 0:01:00]} Rxf4+ {[%clk 0:09:17]} 78. Kg6 {[%clk 0:01:17]} Ke7
{[%clk 0:09:33]} 79. g8=Q {[%clk 0:01:37]} 1/2-1/2

[Event "Aleksandria Cup"]
[Site "?"]
[Date "2015.07.15"]
[Round "4.11"]
[White "Azaladze, Shota"]
[Black "Morchiachishvili, Bachana"]
[Result "1/2-1/2"]
[LiveChessVersion "1.3.1"]
[BlackElo "2332"]
[WhiteElo "2488"]

1. Nf3 {[%clk 1:28:53]} Nf6 {[%clk 1:30:31]} 2. g3 {[%clk 1:29:15]} g6
{[%clk 1:30:44]} 3. b3 {[%clk 1:29:32]} Bg7 {[%clk 1:30:56]} 4. Bb2
{[%clk 1:30:00]} O-O {[%clk 1:30:46]} 5. Bg2 {[%clk 1:30:22]} c5 {[%clk 1:25:03]}
6. c4 {[%clk 1:27:38]} Nc6 {[%clk 1:25:07]} 7. O-O {[%clk 1:26:54]} d6
{[%clk 1:25:08]} 8. Nc3 {[%clk 1:09:15]} Bf5 {[%clk 1:15:19]} 9. d4
{[%clk 0:55:41]} cxd4 {[%clk 1:09:18]} 10. Nxd4 {[%clk 0:55:23]} Nxd4
{[%clk 1:09:40]} 11. Qxd4 {[%clk 0:55:48]} Ne4 {[%clk 1:08:56]} 12. Qe3
{[%clk 0:55:15]} Nxc3 {[%clk 1:07:52]} 13. Bxc3 {[%clk 0:55:42]} Bxc3
{[%clk 1:08:12]} 14. Qxc3 {[%clk 0:56:09]} Qc7 {[%clk 1:07:14]} 15. Rfd1
{[%clk 0:55:08]} Rab8 {[%clk 1:06:10]} 16. Qe3 {[%clk 0:48:07]} b6
{[%clk 1:06:08]} 17. Rd4 {[%clk 0:40:42]} Qc5 {[%clk 1:02:15]} 18. Rad1
{[%clk 0:40:56]} Rfe8 {[%clk 0:59:55]} 19. Bd5 {[%clk 0:38:36]} Kg7
{[%clk 0:50:29]} 20. Qc3 {[%clk 0:34:49]} f6 {[%clk 0:47:39]} 21. b4
{[%clk 0:30:44]} Qc7 {[%clk 0:44:51]} 22. Qf3 {[%clk 0:28:13]} Bc8
{[%clk 0:42:09]} 23. Qe3 {[%clk 0:22:07]} Bb7 {[%clk 0:38:33]} 24. Be6
{[%clk 0:22:28]} Bc8 {[%clk 0:37:44]} 25. Rh4 {[%clk 0:22:24]} g5
{[%clk 0:33:17]} 26. Rh5 {[%clk 0:20:07]} Bxe6 {[%clk 0:32:11]} 27. Qxe6
{[%clk 0:16:48]} h6 {[%clk 0:32:28]} 28. h4 {[%clk 0:16:26]} Qc8 {[%clk 0:28:13]}
29. Qe4 {[%clk 0:14:48]} Qb7 {[%clk 0:26:08]} 30. Rd5 {[%clk 0:12:39]} Rh8
{[%clk 0:22:31]} 31. Qe6 {[%clk 0:07:10]} Rbd8 {[%clk 0:14:16]} 32. Qe3
{[%clk 0:07:29]} Kf7 {[%clk 0:12:26]} 33. Qf3 {[%clk 0:05:23]} e6
{[%clk 0:06:26]} 34. hxg5 {[%clk 0:05:43]} hxg5 {[%clk 0:06:52]} 35. Rxh8
{[%clk 0:05:56]} Rxh8 {[%clk 0:07:20]} 36. Rxd6 {[%clk 0:06:15]} Qxf3
{[%clk 0:07:46]} 37. exf3 {[%clk 0:06:43]} Rc8 {[%clk 0:04:50]} 38. Rd7+
{[%clk 0:06:46]} Kg6 {[%clk 0:05:17]} 39. Rxa7 {[%clk 0:06:20]} Rxc4
{[%clk 0:05:45]} 40. a3 {[%clk 0:36:34]} b5 {[%clk 0:34:16]} 41. Rb7
{[%clk 0:28:17]} Rc3 {[%clk 0:34:29]} 42. Rxb5 {[%clk 0:28:38]} Rxa3
{[%clk 0:34:49]} 43. Kg2 {[%clk 0:29:06]} Rb3 {[%clk 0:32:32]} 44. Rb8
{[%clk 0:22:55]} Rb1 {[%clk 0:31:10]} 45. Rb6 {[%clk 0:17:30]} Kf5
{[%clk 0:30:10]} 46. Rb5+ {[%clk 0:17:57]} Kg6 {[%clk 0:30:33]} 47. f4
{[%clk 0:18:12]} gxf4 {[%clk 0:28:14]} 48. gxf4 {[%clk 0:18:40]} Rb3
{[%clk 0:28:31]} 49. f3 {[%clk 0:18:22]} Rb1 {[%clk 0:28:10]} 50. Kg3
{[%clk 0:17:43]} Rg1+ {[%clk 0:28:26]} 51. Kf2 {[%clk 0:17:59]} Rb1
{[%clk 0:28:50]} 52. Kg2 {[%clk 0:16:51]} Rb2+ {[%clk 0:28:55]} 53. Kg3
{[%clk 0:17:19]} Rb1 {[%clk 0:28:45]} 54. f5+ {[%clk 0:17:14]} exf5
{[%clk 0:29:10]} 55. Kf4 {[%clk 0:17:15]} Rc1 {[%clk 0:28:29]} 56. Rc5
{[%clk 0:15:27]} Rb1 {[%clk 0:27:23]} 57. Rb5 {[%clk 0:12:15]} Rc1
{[%clk 0:27:29]} 58. Rb8 {[%clk 0:12:35]} Rc4+ {[%clk 0:27:50]} 59. Kg3
{[%clk 0:12:23]} Kg5 {[%clk 0:26:03]} 60. Rg8+ {[%clk 0:10:24]} Kh5
{[%clk 0:25:40]} 61. Rh8+ {[%clk 0:08:45]} Kg6 {[%clk 0:26:04]} 62. b5
{[%clk 0:09:07]} Rb4 {[%clk 0:26:04]} 63. Rb8 {[%clk 0:08:46]} Kg5
{[%clk 0:26:08]} 64. b6 {[%clk 0:08:16]} f4+ {[%clk 0:25:55]} 65. Kf2
{[%clk 0:08:17]} Rb2+ {[%clk 0:25:50]} 66. Ke1 {[%clk 0:08:35]} Rb3
{[%clk 0:24:00]} 67. Kd2 {[%clk 0:08:48]} Kf5 {[%clk 0:23:52]} 68. Kc2
{[%clk 0:09:06]} Rb5 {[%clk 0:23:12]} 69. Kc3 {[%clk 0:09:14]} Rb1
{[%clk 0:23:31]} 70. Kc4 {[%clk 0:08:12]} Rc1+ {[%clk 0:22:44]} 71. Kd5
{[%clk 0:07:16]} Rd1+ {[%clk 0:22:36]} 72. Kc5 {[%clk 0:03:00]} Rc1+
{[%clk 0:21:38]} 73. Kd6 {[%clk 0:02:39]} Rb1 {[%clk 0:21:09]} 74. Kc7
{[%clk 0:02:35]} Rc1+ {[%clk 0:21:10]} 75. Kd6 {[%clk 0:03:00]} Rb1
{[%clk 0:21:35]} 76. Ke5+ Kxe5 1/2-1/2

[Event "Aleksandria Cup"]
[Site "?"]
[Date "2015.07.15"]
[Round "4.12"]
[White "Assaubayeva, Bibissara"]
[Black "Sivuk, Vitaly"]
[Result "0-1"]
[LiveChessVersion "1.3.1"]
[BlackElo "2463"]
[WhiteElo "2103"]

1. d4 {[%clk 1:30:55]} Nf6 {[%clk 1:30:33]} 2. c4 {[%clk 1:31:12]} e6
{[%clk 1:30:46]} 3. Nf3 {[%clk 1:31:33]} d5 {[%clk 1:30:42]} 4. Nc3
{[%clk 1:31:40]} dxc4 {[%clk 1:30:43]} 5. e3 {[%clk 1:31:03]} a6 {[%clk 1:30:55]}
6. a4 {[%clk 1:28:42]} c5 {[%clk 1:30:43]} 7. Bxc4 {[%clk 1:28:57]} Nc6
{[%clk 1:30:06]} 8. O-O {[%clk 1:27:08]} Be7 {[%clk 1:30:13]} 9. Qe2
{[%clk 1:18:24]} O-O {[%clk 1:24:08]} 10. Rd1 {[%clk 1:15:09]} Qc7
{[%clk 1:23:00]} 11. d5 {[%clk 1:08:46]} exd5 {[%clk 1:22:34]} 12. Nxd5
{[%clk 1:08:48]} Nxd5 {[%clk 1:22:54]} 13. Bxd5 {[%clk 1:09:08]} Bf6
{[%clk 1:19:39]} 14. h3 {[%clk 1:02:45]} Re8 {[%clk 1:17:15]} 15. e4
{[%clk 0:58:13]} Nb4 {[%clk 1:13:29]} 16. Be3 {[%clk 0:48:04]} Nxd5
{[%clk 1:10:37]} 17. exd5 {[%clk 0:43:17]} Bf5 {[%clk 1:07:29]} 18. Rac1
{[%clk 0:39:34]} a5 {[%clk 0:57:19]} 19. Qd2 {[%clk 0:33:09]} b6 {[%clk 0:54:47]}
20. Bd4 {[%clk 0:32:32]} Qd6 {[%clk 0:49:32]} 21. Bxf6 {[%clk 0:32:34]} Qxf6
{[%clk 0:49:53]} 22. Qc3 {[%clk 0:32:03]} Rad8 {[%clk 0:48:48]} 23. Qxf6
{[%clk 0:27:52]} gxf6 {[%clk 0:48:21]} 24. d6 {[%clk 0:22:52]} Re2
{[%clk 0:32:33]} 25. b3 {[%clk 0:19:17]} Kf8 {[%clk 0:31:12]} 26. Nd2
{[%clk 0:14:43]} Be6 {[%clk 0:25:48]} 27. Kf1 {[%clk 0:11:11]} Re5
{[%clk 0:26:10]} 28. Nc4 {[%clk 0:07:52]} Bxc4+ {[%clk 0:26:17]} 29. Rxc4
{[%clk 0:07:35]} Rd7 {[%clk 0:18:38]} 30. Rh4 {[%clk 0:05:32]} h5
{[%clk 0:17:40]} 31. f4 {[%clk 0:02:52]} Re3 {[%clk 0:15:15]} 32. Rxh5
{[%clk 0:02:43]} Kg7 {[%clk 0:14:51]} 33. Rhd5 {[%clk 0:01:18]} Rxb3
{[%clk 0:14:52]} 34. Re1 {[%clk 0:01:22]} Rb4 {[%clk 0:12:39]} 35. g3 Rxa4
{[%clk 0:10:05]} 36. Re7 {[%clk 0:00:41]} Rd8 {[%clk 0:10:31]} 37. Rb7
{[%clk 0:00:48]} Rb4 {[%clk 0:10:41]} 38. d7 {[%clk 0:00:52]} a4 {[%clk 0:07:55]}
39. Rd3 Rb2 {[%clk 0:05:43]} 40. Ra3 {[%clk 0:30:33]} b5 {[%clk 0:22:08]} 41. Re3
Rd2 {[%clk 0:22:31]} 42. Rxb5 {[%clk 0:24:45]} R8xd7 43. Rxc5 {[%clk 0:19:31]}
Rh2 {[%clk 0:22:13]} 44. Kg1 {[%clk 0:19:48]} Ra2 45. Rc1 {[%clk 0:17:38]} a3
{[%clk 0:21:54]} 46. Kf1 {[%clk 0:09:09]} Rdd2 {[%clk 0:21:18]} 47. Ke1
{[%clk 0:07:56]} Rh2 {[%clk 0:20:50]} 48. Kd1 {[%clk 0:05:38]} Rh1+
{[%clk 0:19:59]} 49. Re1 {[%clk 0:06:03]} Rxe1+ {[%clk 0:20:13]} 50. Kxe1
{[%clk 0:06:28]} Rh2 {[%clk 0:20:30]} 51. Kd1 {[%clk 0:06:47]} a2
{[%clk 0:20:38]} 0-1

[Event "Aleksandria Cup"]
[Site "?"]
[Date "2015.07.15"]
[Round "4.13"]
[White "Harutjunyan, Gevorg"]
[Black "Patsia, Zviad"]
[Result "1/2-1/2"]
[LiveChessVersion "1.3.1"]
[BlackElo "2231"]
[WhiteElo "2449"]

1. Nf3 {[%clk 1:30:57]} Nf6 {[%clk 1:30:47]} 2. g3 {[%clk 1:31:20]} b5
{[%clk 1:30:45]} 3. Bg2 {[%clk 1:31:36]} Bb7 {[%clk 1:31:11]} 4. Na3
{[%clk 1:31:39]} a6 {[%clk 1:29:53]} 5. c4 {[%clk 1:31:57]} b4 {[%clk 1:29:36]}
6. Nc2 {[%clk 1:32:19]} e5 {[%clk 1:28:08]} 7. O-O {[%clk 1:30:45]} e4
{[%clk 1:25:38]} 8. Nh4 {[%clk 1:29:35]} d5 {[%clk 1:23:39]} 9. cxd5
{[%clk 1:28:39]} Qxd5 {[%clk 1:21:34]} 10. d3 {[%clk 1:26:32]} Bc5
{[%clk 1:21:46]} 11. d4 {[%clk 1:20:35]} Bb6 {[%clk 1:19:56]} 12. f3
{[%clk 1:11:35]} O-O {[%clk 1:10:04]} 13. fxe4 {[%clk 1:03:54]} Nxe4
{[%clk 1:10:30]} 14. Nf5 {[%clk 0:56:14]} Qd7 {[%clk 0:55:43]} 15. Qd3
{[%clk 0:53:00]} Nd6 {[%clk 0:46:23]} 16. Bxb7 {[%clk 0:50:51]} Nxb7
{[%clk 0:43:49]} 17. Qf3 {[%clk 0:50:31]} Nd6 {[%clk 0:37:23]} 18. Nxd6
{[%clk 0:48:43]} Qxd6 {[%clk 0:37:50]} 19. Qxa8 {[%clk 0:48:35]} Nc6
{[%clk 0:38:18]} 20. Qb7 {[%clk 0:37:03]} Rb8 {[%clk 0:38:30]} 21. Bf4
{[%clk 0:35:51]} Qe6 {[%clk 0:35:44]} 22. Qxa6 {[%clk 0:31:37]} Nxd4
{[%clk 0:31:54]} 23. Ne3 {[%clk 0:31:54]} Nc2 {[%clk 0:24:38]} 24. Kh1
{[%clk 0:27:10]} Nxe3 {[%clk 0:17:07]} 25. Bxe3 {[%clk 0:26:23]} Qe4+
{[%clk 0:13:29]} 26. Rf3 {[%clk 0:26:35]} Bxe3 {[%clk 0:13:54]} 27. Rd1
{[%clk 0:23:49]} Re8 {[%clk 0:04:32]} 28. Qa5 {[%clk 0:16:43]} g5
{[%clk 0:03:52]} 29. h3 {[%clk 0:09:42]} Re5 {[%clk 0:01:24]} 30. Qxc7
{[%clk 0:09:21]} Re7 {[%clk 0:01:50]} 31. Qc8+ {[%clk 0:07:45]} Kg7
{[%clk 0:01:33]} 32. Qf5 {[%clk 0:06:58]} Qc6 {[%clk 0:02:00]} 33. Kh2
{[%clk 0:05:49]} h6 {[%clk 0:02:25]} 34. Qd3 {[%clk 0:04:20]} Qe6
{[%clk 0:02:01]} 35. Qf5 {[%clk 0:00:54]} Qc6 {[%clk 0:01:53]} 36. Rdf1
{[%clk 0:00:37]} Bd4 {[%clk 0:02:05]} 37. Qd3 {[%clk 0:00:35]} Bxb2
{[%clk 0:02:28]} 38. R1f2 {[%clk 0:00:37]} f6 {[%clk 0:02:41]} 39. Rf5
{[%clk 0:00:34]} Be5 {[%clk 0:02:52]} 40. e4 {[%clk 0:30:36]} Rd7
{[%clk 0:30:46]} 41. Qf3 {[%clk 0:29:00]} Qd6 {[%clk 0:30:48]} 42. Qb3
{[%clk 0:24:55]} Ra7 {[%clk 0:24:09]} 43. Rxe5 {[%clk 0:16:39]} fxe5
{[%clk 0:23:26]} 44. Qf3 {[%clk 0:15:12]} Qe7 {[%clk 0:16:51]} 45. Qf5
{[%clk 0:12:30]} Ra6 {[%clk 0:16:10]} 46. Rd2 {[%clk 0:11:06]} Rd6
{[%clk 0:12:57]} 47. Rc2 {[%clk 0:10:46]} Rf6 {[%clk 0:13:22]} 48. Qc8
{[%clk 0:10:34]} Rf8 {[%clk 0:11:55]} 49. Qa6 {[%clk 0:09:17]} Rd8
{[%clk 0:09:58]} 50. Qb6 {[%clk 0:08:51]} Rd7 {[%clk 0:09:32]} 51. Kg2
{[%clk 0:07:25]} Qd6 {[%clk 0:08:46]} 52. Qxd6 {[%clk 0:03:27]} Rxd6
{[%clk 0:09:14]} 53. Rc7+ {[%clk 0:03:38]} Kf6 {[%clk 0:08:31]} 54. Rb7
{[%clk 0:03:12]} h5 {[%clk 0:07:55]} 55. Rxb4 {[%clk 0:02:38]} Rd2+
{[%clk 0:08:01]} 56. Kf3 {[%clk 0:03:00]} Rxa2 {[%clk 0:08:18]} 57. Rb6+
{[%clk 0:03:23]} Kf7 {[%clk 0:08:45]} 58. Rb7+ {[%clk 0:03:12]} Kf6
{[%clk 0:09:07]} 59. Rb6+ {[%clk 0:03:04]} Kf7 1/2-1/2